000 00977nam a2200337 i 4500
003 DO-SdBNP
005 20231017134034.0
007 ta
008 210818b2013 ||||| |||| 00| 0 spa
020 _a9788449328701
040 _aDO-SdBNP
_bspa
_cBNPHU
_erda
082 4 _bN975L
_222
100 1 _972068
_aNussbaum, Martha C.
_eautor
245 _aLos límites del patriotismo :
_bidentidad pertenencia y ciudadania mundial /
_cMartha C. Nussbaum ; compilado por Joshua Cohen ; traducción de Carme Castells
264 _aBarcelona :
_bPaídos,
_c2013.
300 _a192 paginas. :
_c23 cm
336 _2rdacontent
_atexto
_btxt
337 _2rdamedia
_asin mediación
_bn
338 _2rdacarrier
_avolumen
_bnc
440 _979485
505 _tNunca tuvimos miedo --
590 _aInventariado, 2023/DG
650 _979488
650 _979489
650 _979490
700 _972947
700 _979492
700 _979493
910 _aDG
942 _2ddc
_cLBS1
999 _c55182
_d55182